000 00632nam a2200181Ia 4500
008 090122s9999 xx 000 0 und d
082 _b12145
100 _aपी.
_bसाईनाथ
_c/
245 _aदुष्काळ आवडे सर्वांना
260 _bअक्षर
_c2007
300 _a352
501 _aव्ही. के. बुक एजन्सीज् / बि नं. 9619-29.9
600 _aपी.
630 _aदुष्काळ आवडे सर्वांना
700 _aपी.
730 _aदुष्काळ आवडे सर्वांना
942 _cBOOK
999 _c36222
_d36222